| 000 | 00873cai a22001935a 4500 | ||
|---|---|---|---|
| 001 | L158945 | ||
| 008 | 151021u2015 xxk g 000 0 eng d | ||
| 035 | _a(Sirsi) u158945 | ||
| 041 | 0 | _aeng | |
| 110 | 2 |
_aTown and Country Planning Association _93022 |
|
| 245 | 0 | 0 | _aGreen Infrastructure Partnership |
| 520 | _aWebsite of the Green Infrastructure Partnership (GIP) which is a network of more than 700 people and organisations that support the creation, enchancement and promotion of green infrastructure in the UK. The GIP was launched by DEFRA in October 2011 and in 2014 was taken over by the Town and Country Planning Association. | ||
| 590 | _aKA | ||
| 651 | 4 |
_aEngland and Wales _y1543- |
|
| 690 |
_aInfrastructure _96246 |
||
| 690 |
_aSustainability _96271 |
||
| 856 | 4 | 0 |
_uhttps://www.gip-uk.org/ _zView the website free of charge at www.gip-uk.org |
| 942 | _n0 | ||
| 999 |
_c121044 _d121044 |
||